[Event "Venice Province-ch 82nd"]
[Site "Mestre"]
[Date "2023.01.29"]
[Round "4.10"]
[White "Gambarotto, Paolo"]
[Black "Tatulli Uva, Alberto"]
[Result "1-0"]
[WhiteElo "1266"]
[BlackElo "999"]
[PlyCount "49"]
[EventDate "2023.01.27"]
[EventType "swiss"]
[EventRounds "5"]
[EventCountry "ITA"]
[SourceTitle "EXT 2024"]
[Source "ChessBase"]
[SourceDate "2023.10.10"]
[SourceVersion "1"]
[SourceVersionDate "2023.10.10"]
[SourceQuality "1"]

1. d4 d5 2. Bf4 Bf5 3. e3 Nf6 4. Nf3 Nc6 5. c3 e6 6. Bd3 Bxd3 7. Qxd3 h6 8. Nbd2 Bd6 9. Bg3 Bxg3 10. hxg3 Qe7 11. Nb3 Ne4 12. Nfd2 Nxd2 13. Kxd2 a6 14. Nc5 0-0-0 15. b4 e5 16. b5 e4 17. Qb1 b6 18. bxc6 b5 19. a4 Rd6 20. axb5 Rhd8 21. Rxa6 Kb8 22. Ra8+ Kxa8 23. Qa2+ Kb8 24. Qa6 Rxc6 25. Qb7# 1-0